=LDR 00000nam 2200000 4500 =001 NUTBA000000000001456 =005 20201117085649 =035 ##$$a 0010-041400000000726 =008 201117################g##########0#ind## =020 ##$$a 979-416-014-8 =082 ##$$a 307.095 982 =090 ##$$a 392 Bra u =100 ##$$a Bratawidjaja, Thomas Wiyasa =245 1#$$a Upacara tradisional masyarakat Jawa /$c Thomas Wiyasa Bratawidjaja =260 ##$$a Jakarta :$b Pustaka Sinar Harapan,$c 2000 =300 ##$$a 146 hlm : $b ilus ; $c 21 x 15 cm. =084 ##$$a 307.095 982 Bra u =650 #4$$a Masyarakat Jawa -Tatakrama dan Kebiasaan =990 ##$$a 20603656 =990 ##$$a 30502583 =990 ##$$a 30502582